000 00819nam a22002417a 4500
999 _c7583
_d7583
003 AR-CdUCM
008 190320b ||||| |||| 00| 0 spa d
040 _aMUNICIPALIDAD PROVINCIAL DEL CUSCO
_cBIBLIOTECA MUNICIPAL DEL CUSCO
082 _a508.2 /
_bB73
100 _aBonner, David M.
_921415
245 _aLa Herencia /
260 _aMexico :
_bCentro Regional de Ayuda Técnica,,
_bHispano Americana,
_c1967.
300 _aXIV, 184 paginas ;
_bilustraciones, graficos
_c17 cm.
440 _aManuales Uteha
_n246
_921416
505 _aContenido: herencia -- genes -- genes y enzimas -- genes en accion -- desarrollo...
650 _aHerencia
_99110
650 _aGenes
_9882
650 _aMolecular
_919310
650 _aFamilia
_92366
700 _aMills, Stanley E.
_921417
942 _2ddc
_cLIBROS
945 _arum